Multimedia: making it work (Record no. 9300)

MARC details
000 -LEADER
fixed length control field 00483nam a2200229Ia 4500
001 - CONTROL NUMBER
control field 087785
003 - CONTROL NUMBER IDENTIFIER
control field YMCAF
005 - DATE AND TIME OF LATEST TRANSACTION
control field 20230512161625.0
008 - FIXED-LENGTH DATA ELEMENTS--GENERAL INFORMATION
fixed length control field 100717s2004 ||||||||||||||||| ||und|d
024 ## - OTHER STANDARD IDENTIFIER
Standard number or code 87785
035 ## - SYSTEM CONTROL NUMBER
System control number 27244
040 ## - CATALOGING SOURCE
Original cataloging agency YMCAF
Language of cataloging eng
Transcribing agency IN-KoLT
041 ## - LANGUAGE CODE
Language code of text/sound track or separate title eng
082 ## - DEWEY DECIMAL CLASSIFICATION NUMBER
Classification number 006.7
Item number VAU
100 ## - MAIN ENTRY--PERSONAL NAME
Personal name Vaughan, T
245 #0 - TITLE STATEMENT
Title Multimedia: making it work
250 ## - EDITION STATEMENT
Edition statement 6th
260 ## - PUBLICATION, DISTRIBUTION, ETC.
Name of publisher, distributor, etc. TMH
Date of publication, distribution, etc. 2004
300 ## - PHYSICAL DESCRIPTION
Extent 462
500 ## - GENERAL NOTE
General note With CD
942 ## - ADDED ENTRY ELEMENTS (KOHA)
Source of classification or shelving scheme Dewey Decimal Classification
Koha item type Books
Holdings
Withdrawn status Lost status Damaged status Not for loan Home library Current library Date acquired Cost, normal purchase price Total Checkouts Barcode Date last seen Cost, replacement price Price effective from Koha item type Public note G
        JC Bose University of Science & Technology JC Bose University of Science & Technology 17/07/2010 375.00   27248 12/05/2023 375.00 12/05/2023 Books C 12853
  Lost     JC Bose University of Science & Technology JC Bose University of Science & Technology 17/07/2010 375.00   27244 12/05/2023 375.00 12/05/2023 Books C 12853
        JC Bose University of Science & Technology JC Bose University of Science & Technology 17/07/2010 375.00   27245 12/05/2023 375.00 12/05/2023 Books C 12853
        JC Bose University of Science & Technology JC Bose University of Science & Technology 17/07/2010 375.00   27246 12/05/2023 375.00 12/05/2023 Books C 12853
        JC Bose University of Science & Technology JC Bose University of Science & Technology 17/07/2010 375.00   27247 12/05/2023 375.00 12/05/2023 Books C 12853